The IP multimedia subsystem (IMS) : (Record no. 9185)

MARC details
000 -LEADER
fixed length control field 00662 a2200193 4500
010 ## - LIBRARY OF CONGRESS CONTROL NUMBER
LC control number ENG-88783
020 ## - INTERNATIONAL STANDARD BOOK NUMBER
Terms of availability 395.00
International Standard Book Number 9780070223684
035 ## - SYSTEM CONTROL NUMBER
System control number EN-72316
037 ## - SOURCE OF ACQUISITION
Source of stock number/acquisition DBAD / PUB
082 14 - DEWEY DECIMAL CLASSIFICATION NUMBER
Classification number 621.38456
090 ## - LOCALLY ASSIGNED LC-TYPE CALL NUMBER (OCLC); LOCAL CALL NUMBER (OCLC)
-- 9355
-- 9355
100 1# - MAIN ENTRY--PERSONAL NAME
Personal name Russell, Travis
245 1# - TITLE STATEMENT
Title The IP multimedia subsystem (IMS) :
Statement of responsibility, etc by Travis Russell
Remainder of title session control and other network operations/
260 ## - PUBLICATION, DISTRIBUTION, ETC. (IMPRINT)
Place of publication, distribution, etc New Delhi
Name of publisher, distributor, etc Tata McGraw-Hill Publishing
Date of publication, distribution, etc 2008
300 ## - PHYSICAL DESCRIPTION
Extent xvi, 224p.
Dimensions 21cm (pbk )
500 ## - GENERAL NOTE
General note Includes index
942 ## - ADDED ENTRY ELEMENTS (KOHA)
Institution code [OBSOLETE] dpl
Koha item type English Books
Call number prefix 621.38456 / RUS
Holdings
Withdrawn status Lost status Source of classification or shelving scheme Damaged status Not for loan Collection code Home library Current library Source of acquisition Cost, normal purchase price Total Checkouts Full call number Barcode Date last seen Copy number Uniform Resource Identifier Cost, replacement price Price effective from Koha item type
    Dewey Decimal Classification   Not For Loan Non-fiction D.B.Act.Division D.B.Act.Division DBAD/PUB 395.00   621.38456 RUS EN-72316 15/09/2008 1 10145 395.00 15/09/2008 English Books

© Delhi Public Library
Hit Counter
free hit counter